000 00567 a2200169 4500
003 OSt
005 20231123134035.0
008 231123b |||||||| |||| 00| 0 eng d
020 _a8187134194
040 _coclc
082 _a615.19
_bMUK/T
100 _aMukhopadhyay, Raghupati
_94221
245 _aTextbook of Pharmaceutical Chemistry and medicinal chemistry /
_cRaghupati Mukhopadhyay, Sriparna Datta, Rajib Kumar Das
260 _aKolkata:
_bBooks and Allied,
_c2013.
300 _a348p
942 _2ddc
_cBK
_h615.19
_iMUK/T
_k615.19
_mMUK/T
999 _c41882
_d41882